Polymer composites

Wedi'i Gadw mewn:
Manylion Llyfryddiaeth
Fformat: Llyfr
Iaith:Undetermined
Cyhoeddwyd: Quebecor World Midland, MI Wiley
Pynciau:
Tagiau: Ychwanegu Tag
Dim Tagiau, Byddwch y cyntaf i dagio'r cofnod hwn!
Thư viện lưu trữ: Trung tâm Học liệu Trường Đại học Cần Thơ
LEADER 00411nam a2200157Ia 4500
001 CTU_184381
008 210402s9999 xx 000 0 und d
082 |a 668.4 
082 |b P783 
245 0 |a Polymer composites 
245 0 |c Wiley 
260 |a Quebecor World Midland, MI 
260 |b Wiley 
650 |a Polymeric composites 
904 |i T.Trang 
980 |a Trung tâm Học liệu Trường Đại học Cần Thơ